[Event "Tan Lian Ann cup"]
[Site "?"]
[Date "2001.07.24"]
[Round "?"]
[White "Wang, Yue"]
[Black "Petronic, Jovan"]
[WhiteElo "2466"]
[BlackElo "2389"]
[Result "1-0"]

1. d4 e6 2. c4 Nf6 3. Nc3 Bb4 4. Qc2 c5 5. dxc5 Bxc5 6. Nf3 a6 7. Bg5 Be7 8. e3 d6 9. Bd3 Nbd7 10. Rd1 Qc7 11. b3 b6 12. Ne4 Bb7 13. Nxf6+ Nxf6 14. Qe2 Bc6 15. O-O Qb7 16. Bb1 Rd8 17. Rfe1 Bxf3 18. gxf3 O-O 19. Rd4 Rd7 20. Red1 Rfd8 21. a4 a5 22. Bh4 Qc6 23. f4 g6 24. Qf1 Ne8 25. Bxe7 Rxe7 26. Be4 Qc5 27. Bg2 Nf6 28. R1d2 Red7 29. Qd1 Kf8 30. Qf3 Ke7 31. Qg3 h6 32. e4 g5 33. R4d3 Nh5 34. Qf3 Nxf4 35. Rc3 Rc7 36. Rc1 Qe5 37. Bf1 Qc5 38. Qc3 Qe5 39. Qe3 Qc5 40. Qc3 Rcd7 41. Rb2 Rg8 42. b4 axb4 43. Rxb4 Qa5 44. Ra1 g4 45. Qb2 Nh3+ 46. Kg2 Qg5 47. Qc3 Qf4 48. Qe3 Qe5 49. Ra2 Ng5 50. Rb5 Qxe4+ 51. Qxe4 Nxe4 52. Rxb6 Ra7 53. Bd3 Nc5 54. Bc2 Rga8 55. Rb4 Na6 56. Rb6 Rc8 57. a5 Rc5 58. Be4 Rcc7 59. Bc6 Nc5 60. a6 Nd7 61. Rb7 Rcxb7 62. axb7 Rxa2 63. Bxd7 Kxd7 64. b8=Q Ra3 65. Qb7+ Ke8 66. Qc8+ Ke7 67. Qc7+ Ke8 68. Qxd6 

1-0

[Event "1st Chinese Celebrity"]
[Site "?"]
[Date "2011.06.14"]
[Round "?"]
[White "Li, Chao"]
[Black "Wang, Yue"]
[WhiteElo "2656"]
[BlackElo "2714"]
[Result "0-1"]

1. d4 Nf6 2. c4 e6 3. Nc3 Bb4 4. Qc2 c5 5. dxc5 Na6 6. a3 Bxc3+ 7. Qxc3 Nxc5 8. b4 Nce4 9. Qd4 d5 10. c5 b6 11. f3 bxc5 12. bxc5 Qa5+ 13. Qb4 Qc7 14. fxe4 Rb8 15. Qa4+ Bd7 16. c6 Qe5 17. cxd7+ Ke7 18. Ra2 Qc3+ 19. Kd1 Ng4 20. Qxa7 Rb1 21. d8=Q+ Kxd8 22. Qa8+ Ke7 23. Qa7+ Kf6 24. e5+ Kg6 25. Rc2 Ne3+ 26. Qxe3 Qxe3 27. Nf3 Ra8 28. h4 Rxa3 29. h5+ Kh6 30. g4 Rxc1+ 31. Rxc1 Rd3+ 

0-1

[Event "4th Marx Gyoergy Memorial"]
[Site "?"]
[Date "2006.07.28"]
[Round "?"]
[White "Wang, Yue"]
[Black "Efimenko, Zahar"]
[WhiteElo "2626"]
[BlackElo "2632"]
[Result "1/2-1/2"]

1. d4 Nf6 2. c4 e6 3. Nc3 Bb4 4. Qc2 O-O 5. a3 Bxc3+ 6. Qxc3 b6 7. Bg5 Bb7 8. e3 d6 9. Ne2 Nbd7 10. Rd1 h6 11. Bh4 Ne4 12. Bxd8 Nxc3 13. Nxc3 Rfxd8 14. f3 Kf8 15. Kf2 a6 16. Be2 c6 17. b4 Ke7 18. g4 d5 19. Rb1 dxc4 20. Bxc4 a5 21. Rhc1 axb4 22. axb4 Ra3 23. h4 Nf6 24. Be2 Rc8 25. Ra1 Rca8 26. Rxa3 Rxa3 27. b5 Nd7 28. bxc6 Bxc6 29. e4 Rb3 30. Nb1 Ba4 31. Nd2 Rb2 32. Ke3 Rc2 33. Rxc2 Bxc2 34. Bb5 g5 35. h5 f6 36. Nf1 Bd1 37. Kf2 Kd6 38. Ne3 Bb3 39. Kg3 Nf8 40. Kf2 Nd7 41. Ke2 Nb8 42. Kd3 Nc6 43. Kc3 Na5 44. Kb4 Ba2 45. Bf1 Bb3 46. Bd3 Kd7 47. d5 Kd6 48. Kb5 Kc7 49. Kb4 

1/2-1/2

[Event "GM Scheveningen"]
[Site "?"]
[Date "2006.07.13"]
[Round "?"]
[White "Wang, Yue"]
[Black "Asrian, K"]
[WhiteElo "2626"]
[BlackElo "2635"]
[Result "1/2-1/2"]

1. d4 e6 2. c4 Nf6 3. Nc3 Bb4 4. Qc2 d5 5. cxd5 exd5 6. Nf3 c5 7. Bg5 h6 8. Bxf6 Qxf6 9. a3 Bxc3+ 10. Qxc3 Nd7 11. e3 O-O 12. Bb5 c4 13. Bxd7 Bxd7 14. Ne5 Bf5 15. b3 b5 16. O-O a5 17. bxc4 bxc4 18. f3 Qd6 19. e4 Be6 20. exd5 Bxd5 21. Rab1 Rfb8 22. Rxb8+ Qxb8 23. Nd7 Qb3 24. Qxb3 cxb3 25. Nb6 Rd8 26. Rb1 Be6 27. d5 Bxd5 28. Nxd5 Rxd5 29. Rxb3 g5 30. Kf2 Rd2+ 31. Kg3 Ra2 32. h4 

1/2-1/2

[Event "WY ol"]
[Site "?"]
[Date "2002.08.22"]
[Round "?"]
[White "Wang, Yue"]
[Black "Filippov, A"]
[WhiteElo "2455"]
[BlackElo "2253"]
[Result "1-0"]

1. d4 Nf6 2. c4 e6 3. Nc3 Bb4 4. e3 c5 5. Ne2 cxd4 6. exd4 d5 7. a3 Be7 8. Nf4 O-O 9. cxd5 Nxd5 10. Ncxd5 exd5 11. Be2 Nc6 12. O-O Bf6 13. Be3 Be6 14. Bf3 Qd7 15. Rc1 Na5 16. Re1 Rac8 17. Rxc8 Rxc8 18. Bd2 Nc6 19. Bc3 Qd6 20. g3 Rd8 21. h4 Qd7 22. Qd2 Kf8 23. Bg2 g6 24. Kh2 Re8 25. a4 a6 26. b4 Na7 27. Qa2 Rc8 28. Ba1 Rc4 29. Qd2 b5 30. Nxe6+ fxe6 31. Qh6+ Kg8 32. Bh3 Rc6 33. h5 Bg7 34. Qe3 Kf7 35. Qf4+ Kg8 36. hxg6 hxg6 37. Qg4 Kf7 38. a5 Nc8 39. Qf4+ Kg8 40. Qe3 Kf7 41. Qf4+ Kg8 42. Qe3 Kf7 43. Qf3+ Kg8 44. Qe2 Kf7 45. Bb2 Ne7 46. g4 Qd6+ 47. Kg1 Qf4 48. Qd3 Nc8 49. Re3 Bf6 50. Rf3 Qg5 51. Bc3 Qh6 52. Bd2 g5 53. Bf1 Nd6 54. Rh3 Qg6 55. Qe3 Nc4 56. Qc3 Qe4 

1-0

[Event "Chinese Championship"]
[Site "?"]
[Date "2003.09.05"]
[Round "?"]
[White "Wang, Yue"]
[Black "Li, Shilong"]
[WhiteElo "2509"]
[BlackElo "2522"]
[Result "0-1"]

1. d4 Nf6 2. c4 e6 3. Nc3 Bb4 4. e3 O-O 5. Ne2 d5 6. a3 Be7 7. cxd5 exd5 8. Ng3 c5 9. dxc5 Bxc5 10. Be2 Nc6 11. Na4 Bd6 12. O-O Be6 13. b4 Qe7 14. Bb2 Rad8 15. Rc1 d4 16. exd4 Be5 17. Bd3 Bxd4 18. Bxd4 Nxd4 19. Nc5 b6 20. Nxe6 Qxe6 21. Bc4 Qe5 22. Qe1 Qf4 23. Qe3 Qh4 24. Qe7 Rde8 25. Qxa7 Ng4 26. h3 Ne5 27. Bd5 Rd8 28. Bb7 f5 29. Rc7 f4 30. Be4 g6 31. Re1 fxg3 32. fxg3 Ne2+ 33. Kh1 Nxg3+ 34. Kg1 Nxe4 

0-1

[Event "RUS-CHN Match Rapid"]
[Site "?"]
[Date "2009.08.22"]
[Round "?"]
[White "Vitiugov, Nikita"]
[Black "Wang, Yue"]
[WhiteElo "2681"]
[BlackElo "2736"]
[Result "1/2-1/2"]

1. d4 Nf6 2. c4 e6 3. Nc3 Bb4 4. e3 O-O 5. Bd3 c5 6. Nf3 d5 7. O-O dxc4 8. Bxc4 Nbd7 9. Qe2 b6 10. dxc5 Bxc3 11. c6 Bb4 12. cxd7 Qxd7 13. Rd1 Qb7 14. a3 Be7 15. b3 a6 16. Bb2 Bd7 17. Ne5 Rfd8 18. Nxd7 Rxd7 19. a4 a5 20. Rxd7 Qxd7 21. Rd1 Qc7 22. g3 Rd8 23. Rxd8+ Qxd8 24. Qf3 Nd7 25. Qd1 Qc7 26. Bb5 Nc5 27. Qg4 Bf8 28. Bc4 Qd6 29. Bd4 g6 30. Qf3 Bg7 31. Qa8+ Qf8 32. Qc6 Qd8 33. Bxc5 bxc5 34. Qxc5 Bf8 35. Qc6 Bb4 36. Kg2 Kg7 37. h4 h5 38. Qe4 Qf6 39. Bb5 Be1 40. Qc2 Bb4 41. Qe2 Qc3 42. Bc4 Qf6 43. Qc2 Qc3 44. Qe4 Qf6 45. Qf3 

1/2-1/2

[Event "4th RUS-CHN Match"]
[Site "?"]
[Date "2007.08.24"]
[Round "?"]
[White "Timofeev, Artyom"]
[Black "Wang, Yue"]
[WhiteElo "2650"]
[BlackElo "2696"]
[Result "1/2-1/2"]

1. e4 e5 2. Nf3 Nf6 3. Nxe5 d6 4. Nf3 Nxe4 5. d4 d5 6. Bd3 Nc6 7. O-O Be7 8. c4 Nb4 9. Be2 O-O 10. Nc3 Bf5 11. a3 Nxc3 12. bxc3 Nc6 13. Re1 Re8 14. cxd5 Qxd5 15. Bf4 Rac8 16. h3 Be4 17. Be3 Na5 18. Nd2 Bg6 19. Qa4 b6 20. Bf4 c6 21. Bg4 f5 22. Be2 Bf7 23. Ba6 Rcd8 24. Re5 Qd7 25. Bd3 g6 26. Rb1 Bd6 27. Rxe8+ 

1/2-1/2

[Event "RUS-CHN Match Rapid"]
[Site "?"]
[Date "2009.08.21"]
[Round "?"]
[White "Timofeev, Artyom"]
[Black "Wang, Yue"]
[WhiteElo "2681"]
[BlackElo "2736"]
[Result "1/2-1/2"]

1. e4 e5 2. Nf3 Nf6 3. Nxe5 d6 4. Nf3 Nxe4 5. d3 Nf6 6. d4 Be7 7. Bd3 O-O 8. h3 b6 9. O-O Bb7 10. c4 d5 11. Nc3 Nc6 12. a3 dxc4 13. Bxc4 Na5 14. Ba2 Nd5 15. Re1 Nxc3 16. bxc3 Bf6 17. Ne5 c5 18. Qg4 Bc8 19. Qe4 Bb7 20. Nxf7 Rxf7 21. Bxf7+ Kxf7 22. Qe6+ Kg6 23. Qg4+ Kf7 24. Qe6+ Kg6 

1/2-1/2

[Event "3rd Asian Indoor Team Rapid S/F"]
[Site "?"]
[Date "2009.11.07"]
[Round "?"]
[White "Filippov, An Uzb"]
[Black "Wang, Yue"]
[WhiteElo "2607"]
[BlackElo "2734"]
[Result "0-1"]

1. e4 e5 2. Nf3 Nf6 3. Nxe5 d6 4. Nf3 Nxe4 5. d4 d5 6. Bd3 Be7 7. O-O Nc6 8. c4 Nb4 9. Be2 O-O 10. Nc3 Bf5 11. a3 Nxc3 12. bxc3 Nc6 13. Ra2 dxc4 14. Bxc4 Na5 15. Bd3 Bxd3 16. Qxd3 Bf6 17. c4 Re8 18. Bf4 b6 19. h3 h6 20. Rc2 Qd7 21. Rd1 Rad8 22. c5 c6 23. Be3 b5 24. Nh2 h5 25. Nf3 Qd5 26. Bf4 Nc4 27. a4 a6 28. axb5 axb5 29. Re2 Rxe2 30. Qxe2 Ra8 31. h4 b4 32. Qc2 Na3 33. Qb2 Qe4 34. Be5 Qc2 35. Rd2 Qc3 36. Bxf6 gxf6 37. Kh2 Kf8 38. Ng1 Rb8 39. Ne2 Qxb2 40. Rxb2 Nc4 41. Rb3 Na5 42. Rb2 b3 43. Nc1 Ke7 44. g4 hxg4 45. Kg3 f5 46. h5 Kf6 47. Kf4 Rb4 

0-1

[Event "7th CHN-RUS"]
[Site "?"]
[Date "2010.08.08"]
[Round "?"]
[White "Timofeev, Artyom"]
[Black "Wang, Yue"]
[WhiteElo "2690"]
[BlackElo "2716"]
[Result "1/2-1/2"]

1. e4 e5 2. Nf3 Nf6 3. Nxe5 d6 4. Nf3 Nxe4 5. d4 d5 6. Bd3 Nc6 7. O-O Be7 8. c4 Nb4 9. Be2 O-O 10. Nc3 Bf5 11. a3 Nxc3 12. bxc3 Nc6 13. Re1 Re8 14. cxd5 Qxd5 15. Bf4 Rac8 16. Bd3 Qd7 17. Rb1 b6 18. Bb5 Bxb1 19. Qxb1 Bf6 20. Rd1 Qg4 21. Bg3 Ne7 22. Bxe8 Rxe8 23. Re1 Qd7 24. Qe4 c6 25. c4 Rc8 26. Bh4 Ng6 27. Bxf6 gxf6 28. g3 Rd8 29. a4 h5 30. Kg2 Kg7 31. h3 c5 32. dxc5 bxc5 33. a5 Qd3 34. Qxd3 Rxd3 35. Rb1 Rc3 36. a6 Rxc4 37. Rb7 Ra4 38. Rxa7 Ne5 39. Nh4 Nc6 40. Nf5+ Kg6 41. Rc7 Kxf5 42. Rxc6 c4 43. Kf3 c3 44. Ke3 Ra2 45. Rc5+ Kg6 46. Rxc3 

1/2-1/2

[Event "WYB14"]
[Site "?"]
[Date "2001.11.01"]
[Round "?"]
[White "Wang, Yue"]
[Black "Rangarajan S"]
[WhiteElo "2466"]
[BlackElo "2144"]
[Result "1-0"]

1. e4 d6 2. d4 Nf6 3. Nc3 g6 4. Nf3 Bg7 5. Bc4 O-O 6. Bb3 c6 7. O-O Qc7 8. a4 e5 9. h3 Nbd7 10. Be3 b6 11. d5 c5 12. Bc4 a6 13. Qd3 h6 14. Ne2 Qd8 15. c3 Ne8 16. Ng3 Nc7 17. b4 Rb8 18. Qd2 Kh7 19. Bd3 a5 20. Rab1 Ba6 21. Bxa6 Nxa6 22. Qd3 Ra8 23. bxa5 bxa5 24. Nd2 Qc7 25. Nc4 Rfb8 26. Rb5 Nb6 27. Nxa5 Nxa4 28. Nc6 Rxb5 29. Qxb5 Nb8 30. c4 Nb6 31. Rb1 N8d7 32. Bd2 Qc8 33. Ba5 Ra6 34. Rb3 Bf6 35. Ne2 Kg7 36. Nc3 Bg5 37. Rb2 h5 38. g3 h4 39. gxh4 Bxh4 40. Kg2 f5 41. Re2 Bg5 42. f3 Bh4 43. Kf1 Ra8 44. Rg2 f4 45. Rg4 Bg3 46. Bxb6 Ra1+ 47. Ke2 Qh8 48. Nd8 Nf6 49. Ne6+ Kf7 50. Bd8 Ra7 51. Qb6 Rd7 52. Bxf6 Kxf6 53. h4 Qa8 54. Qc6 Qa1 55. Qxd7 Qe1+ 56. Kd3 Qe3+ 57. Kc2 Qd3+ 58. Kxd3 

1-0

[Event "Tan Chin Nam Cup"]
[Site "?"]
[Date "2002.07.04"]
[Round "?"]
[White "Wang, Yue"]
[Black "Xu, Jun"]
[WhiteElo "2455"]
[BlackElo "2654"]
[Result "1-0"]

1. d4 d5 2. c4 dxc4 3. Nf3 Nf6 4. e3 e6 5. Bxc4 c5 6. O-O a6 7. Bb3 b6 8. Nc3 Bb7 9. dxc5 Qxd1 10. Bxd1 Bxc5 11. Na4 Nbd7 12. Nxc5 Nxc5 13. Ne5 O-O 14. f3 a5 15. e4 Ba6 16. Rf2 Rfd8 17. Be3 Rac8 18. Be2 Bxe2 19. Rxe2 Nfd7 20. Nxd7 Nxd7 21. Rd1 Kf8 22. Red2 Ke7 23. Kf2 Nc5 24. Bd4 f6 25. Bxc5+ bxc5 26. Rxd8 Rxd8 27. Rxd8 Kxd8 28. a4 Kd7 29. Ke3 Kd6 30. Kd3 g6 31. Kc4 Kc6 32. h4 Kb6 33. g4 g5 34. e5 gxh4 35. exf6 h3 36. f7 h2 37. f8=Q h1=Q 38. Qxc5+ Kb7 39. Qb5+ Kc8 40. Qc6+ 

1-0

[Event "WJun"]
[Site "?"]
[Date "2006.10.05"]
[Round "?"]
[White "Wang, Yue"]
[Black "Tonoian, Armen"]
[WhiteElo "2644"]
[BlackElo "2400"]
[Result "1-0"]

1. d4 d5 2. Nf3 Nf6 3. c4 dxc4 4. Qa4+ Nc6 5. Qxc4 Bg4 6. e3 e6 7. Qa4 Bd6 8. Ne5 O-O 9. Nxc6 bxc6 10. Nd2 c5 11. dxc5 Bxc5 12. Qc4 Bd6 13. h3 Bf5 14. Bd3 Rb8 15. Bxf5 exf5 16. O-O Qe7 17. Qc2 Ne4 18. Nc4 Be5 19. Bd2 Bf6 20. Rfd1 Nd6 21. Nxd6 Rxb2 22. Qxf5 Rxd2 23. Rxd2 Bxa1 24. Nc4 Rd8 25. Qe4 Bf6 26. Qxe7 Bxe7 27. Rc2 g6 28. Kf1 Bc5 29. Ke2 Kf8 30. g4 Ke8 31. g5 Rb8 32. Kf3 Be7 33. h4 Rb5 34. Ke4 Rb1 35. f4 Rh1 36. Kd5 Rxh4 37. Rb2 Kf8 38. Rb8+ Kg7 39. Rb7 Bd8 40. Rxa7 f6 41. Ra8 Rh1 42. Ke6 Rd1 43. gxf6+ Bxf6 44. Rc8 Bc3 45. Rxc7+ Kg8 46. Nd6 Rd3 47. e4 Bh8 48. f5 gxf5 49. Rc8+ 

1-0

[Event "XXVIII"]
[Site "?"]
[Date "2003.01.14"]
[Round "?"]
[White "Wang, Yue"]
[Black "Mirzoev, Azer"]
[WhiteElo "2492"]
[BlackElo "2533"]
[Result "1-0"]

1. d4 Nf6 2. c4 e6 3. Nc3 d5 4. cxd5 exd5 5. Bg5 c6 6. e3 Be7 7. Bd3 O-O 8. Qc2 Nbd7 9. Nge2 Re8 10. h3 Nf8 11. O-O-O Be6 12. Kb1 a5 13. g4 Ne4 14. Bxe7 Nxc3+ 15. Nxc3 Qxe7 16. Na4 Qh4 17. f4 f6 18. Rhg1 Bf7 19. Qd2 Bg6 20. Bxg6 Nxg6 21. f5 Nf8 22. Nc5 Re7 23. Nd3 Rae8 24. Nf4 a4 25. a3 Nd7 26. Qc2 Nb6 27. Ne6 Qh6 28. Rge1 Qh4 29. e4 dxe4 30. Rxe4 Qg3 31. Ree1 Qf3 32. Rf1 Qd5 33. Rc1 Qb3 34. Ka1 Qd5 35. Rg1 Qa5 36. g5 Nd5 37. gxf6 Nxf6 38. Rcf1 Kh8 39. Re1 Qd5 40. Re5 Qf3 41. Rge1 Nd5 42. Qxa4 Qxh3 43. Qd1 Qg3 44. Rg1 Qf2 45. Rf1 Qg3 46. Rg1 Qf2 47. Qg4 Ne3 48. Qg5 Nc4 49. Rb1 Nxe5 50. dxe5 Rf7 51. Nf4 Qc2 52. e6 Rxf5 53. Ng6+ hxg6 54. Qxg6 Rxe6 55. Rh1+ Kg8 56. Qxe6+ Rf7 57. Rf1 

1-0

[Event "WJun"]
[Site "?"]
[Date "2006.10.14"]
[Round "?"]
[White "Wang, Yue"]
[Black "Frolyanov, Dmitry"]
[WhiteElo "2644"]
[BlackElo "2498"]
[Result "1/2-1/2"]

1. d4 d5 2. Nf3 e6 3. c4 Nf6 4. Nc3 Bb4 5. cxd5 exd5 6. Bg5 O-O 7. e3 c5 8. Qc2 Nc6 9. a3 Bxc3+ 10. Qxc3 c4 11. Nd2 h6 12. Bh4 b5 13. Be2 Ne4 14. Bxd8 Nxc3 15. bxc3 Rxd8 16. Bf3 Bf5 17. O-O-O Bg6 18. e4 Ne7 19. Rhe1 Rab8 20. exd5 Nxd5 21. Bxd5 Rxd5 22. Re7 a5 23. Rde1 Rdd8 24. Kb2 b4 25. Rc7 Bf5 26. Ree7 Rxd4 27. cxd4 c3+ 28. Rxc3 bxc3+ 29. Kxc3 Rc8+ 30. Kb3 Bc2+ 31. Kb2 Bd3 32. Nf3 a4 33. Ne1 Bg6 34. Ra7 Rc4 35. d5 Rd4 36. Nf3 Rc4 37. Ne1 Rd4 38. Kc3 Rxd5 39. Rxa4 Rd1 40. Ra8+ Kh7 41. Re8 Ra1 42. Kb2 Rb1+ 43. Ka2 Rd1 44. Re2 Bf5 45. Nf3 Bg4 46. Kb3 Be6+ 47. Kb2 Bd5 48. Kc3 Ra1 49. Kb4 Bc6 50. Rc2 Rb1+ 51. Kc5 Ba4 52. Rc4 Bd7 53. Nd4 Bc8 54. a4 Ba6 55. Rb4 Rg1 56. Kb6 Bd3 57. g3 Rg2 58. Rb3 Bc4 59. Rc3 Bd5 60. Rc5 Be4 61. f3 Bd3 62. a5 Rxh2 63. Nb5 Rb2 64. a6 Be2 65. f4 Bf3 66. a7 Bg2 67. Kc7 Rb3 68. Rc6 Rxb5 69. a8=Q Rc5 70. Rxc5 Bxa8 71. Kd6 Be4 72. Ke7 Kg6 73. Ra5 Bf5 74. Ra8 h5 75. Rg8 Be4 76. Kf8 Kf6 77. Rxg7 Bg6 78. Rg8 Kf5 79. Kg7 Kg4 80. Kf6 Kxg3 81. f5 h4 82. fxg6 fxg6 83. Rxg6+ Kf3 84. Rh6 Kg3 85. Rg6+ Kf3 86. Rh6 Kg3 87. Kf5 h3 88. Ke4 h2 89. Ke3 Kg2 90. Rg6+ Kf1 91. Rf6+ Kg2 

1/2-1/2

[Event "36th Olympiad"]
[Site "?"]
[Date "2004.10.26"]
[Round "?"]
[White "Wang, Yue"]
[Black "Babula, Vlastimil"]
[WhiteElo "2536"]
[BlackElo "2571"]
[Result "1/2-1/2"]

1. d4 Nf6 2. c4 e6 3. Nf3 b6 4. a3 Bb7 5. Nc3 g6 6. Bg5 Bg7 7. e3 O-O 8. Be2 d6 9. O-O Nbd7 10. Nd2 h6 11. Bh4 

1/2-1/2

[Event "WJun"]
[Site "?"]
[Date "2005.11.19"]
[Round "?"]
[White "Wang, Yue"]
[Black "Bartel, Mat"]
[WhiteElo "2585"]
[BlackElo "2513"]
[Result "1-0"]

1. d4 Nf6 2. c4 e6 3. Nf3 b6 4. a3 Bb7 5. Nc3 d5 6. Bg5 Be7 7. Bxf6 Bxf6 8. cxd5 exd5 9. Qb3 O-O 10. Rd1 c5 11. e3 c4 12. Qc2 Nd7 13. g3 b5 14. Nxb5 Qa5+ 15. Nc3 Nc5 16. Be2 Nd3+ 17. Bxd3 cxd3 18. Qa4 Qc7 19. O-O Rfb8 20. Rd2 Qd6 21. Rc1 Bc8 22. Qe8+ Qf8 

1-0

[Event "MULTICOMS FRA-CHN Match"]
[Site "?"]
[Date "2006.09.09"]
[Round "?"]
[White "Wang, Yue"]
[Black "Sokolov, Andrei"]
[WhiteElo "2626"]
[BlackElo "2589"]
[Result "1-0"]

1. d4 Nf6 2. c4 e6 3. Nf3 b6 4. g3 Ba6 5. b3 Bb4+ 6. Bd2 Be7 7. Bg2 c6 8. Bc3 d5 9. Ne5 Nfd7 10. Nxd7 Nxd7 11. Nd2 O-O 12. O-O Rc8 13. e4 c5 14. exd5 exd5 15. dxc5 dxc4 16. c6 cxb3 17. Re1 b2 18. Bxb2 Nc5 19. Nc4 Bxc4 20. Qg4 Bg5 21. Qxc4 Nd3 22. Be5 Nxe1 23. Rxe1 Bf6 24. Bxf6 Qxf6 25. c7 Qd6 26. Rc1 b5 27. Qc2 b4 28. Bb7 g6 29. Qc5 Qxc5 30. Rxc5 Kg7 31. Rc6 Rfe8 32. Ba6 Kf8 33. Rc2 f5 34. Kg2 Kf7 35. Kf3 Rf8 36. Kf4 Ke6 37. Rc4 Kd6 38. Bxc8 Rxc8 39. Rxb4 Rxc7 40. Ra4 Kc5 41. Kg5 Kb5 42. Rf4 a5 43. Kh6 a4 44. a3 Rc3 45. Kxh7 Rxa3 46. Kxg6 Rc3 47. Rxf5+ Kb4 48. Rf8 a3 49. Rb8+ Ka5 50. Rb1 Rf3 51. h4 Rxf2 52. g4 Rf4 53. Kh5 Ka4 54. g5 Rb4 55. Ra1 Kb3 56. g6 Kb2 57. Rg1 a2 58. Rg2+ Ka3 59. Rxa2+ Kxa2 60. g7 Rb8 61. Kg6 Kb3 62. Kh7 

1-0

[Event "1st Chinese Celebrity"]
[Site "?"]
[Date "2011.06.12"]
[Round "?"]
[White "Wang, Yue"]
[Black "Zhou, Jianchao"]
[WhiteElo "2714"]
[BlackElo "2636"]
[Result "1-0"]

1. d4 Nf6 2. c4 e6 3. Nf3 b6 4. g3 Bb4+ 5. Bd2 Bxd2+ 6. Qxd2 Ba6 7. b3 O-O 8. Bg2 d5 9. O-O c6 10. Ne5 Nfd7 11. Nxd7 Nxd7 12. Rc1 Rc8 13. a4 dxc4 14. bxc4 e5 15. e3 exd4 16. exd4 Re8 17. a5 b5 18. Na3 Nc5 19. Qc3 b4 20. Qxb4 Nd3 21. Qc3 Nxc1 22. Rxc1 Qf6 23. h4 Red8 24. Nc2 c5 25. Qd3 cxd4 26. Nb4 Qd6 27. Nd5 Qc5 28. Qf5 Bxc4 29. Be4 Bxd5 30. Rxc5 Rxc5 31. Kh2 g6 32. Qe5 d3 33. Bxd3 Rc1 34. g4 Be6 35. Be4 Bxg4 36. Qg5 Re8 37. Qxc1 Rxe4 38. Qc5 a6 39. f3 Bxf3 40. Qc8+ Kg7 41. Qc3+ Kg8 42. Qxf3 Re6 43. Kg3 h6 44. Qd5 Kg7 45. Qd8 Rc6 46. Qd4+ Kg8 47. Qe3 g5 48. Qe8+ 

1-0

[Event "6th Gibtelecom Masters"]
[Site "?"]
[Date "2008.01.26"]
[Round "?"]
[White "Wang, Yue"]
[Black "Cmilyte, Viktorija"]
[WhiteElo "2698"]
[BlackElo "2475"]
[Result "1-0"]

1. d4 Nf6 2. c4 e6 3. Nf3 b6 4. Nc3 Bb7 5. Bg5 h6 6. Bh4 Be7 7. e3 O-O 8. Bg3 d6 9. Be2 Nh5 10. d5 e5 11. Nd2 Nxg3 12. hxg3 Nd7 13. g4 a5 14. Nde4 Nc5 15. Nxc5 bxc5 16. Bd3 Bg5 17. Qd2 Bc8 18. f3 g6 19. O-O-O Kg7 20. Ne4 f5 21. gxf5 Bxf5 22. Ng3 Bxd3 23. Qxd3 a4 24. Ne4 Rb8 25. Qc3 Qe7 26. Rdf1 Bf6 27. g4 Rh8 28. Rh2 Qf7 29. Qd3 Qe7 30. Qc3 Rb4 31. Rfh1 Rbb8 32. Qc2 Bg5 33. Qc3 Bf6 34. Kc2 Rb4 35. Kd3 Rbb8 36. Rh3 Rh7 37. Qc2 Ra8 38. Qh2 Rah8 39. Kc2 Bg5 40. Kd3 Rf8 41. Qc2 Ra8 42. Qd2 Bf6 43. Qh2 Rah8 44. Qg3 Qf7 45. Qe1 Qe7 46. Qa5 Qd7 47. Qb5 Qxb5 48. cxb5 a3 49. g5 Be7 50. gxh6+ Kf7 51. b4 Ra8 52. bxc5 dxc5 53. Nd2 g5 54. Nc4 Kf6 55. Rb1 Ra4 56. e4 Rb4 57. Rxb4 cxb4 58. Ne3 Bd6 59. Kc4 Kg6 60. Rh1 Kf6 61. Kb3 

1-0

[Event "WJun"]
[Site "?"]
[Date "2006.10.13"]
[Round "?"]
[White "Pantsulaia, Levan"]
[Black "Wang, Yue"]
[WhiteElo "2596"]
[BlackElo "2644"]
[Result "0-1"]

1. Nf3 d5 2. c4 c6 3. g3 Nf6 4. Bg2 dxc4 5. O-O Nbd7 6. Na3 Nb6 7. Qc2 Qd5 8. b3 cxb3 9. axb3 g6 10. Nc4 Qd8 11. Nfe5 Nbd5 12. e4 Nc7 13. d4 Bg7 14. Bb2 O-O 15. f4 Be6 16. h3 Nb5 17. Rad1 Qc7 18. g4 Rad8 19. f5 Bc8 20. Qf2 Nd7 21. Nf3 c5 22. d5 Nc3 23. Rde1 b5 24. Qc2 bxc4 25. bxc4 Bd4+ 26. Kh1 Qa5 27. Rc1 Nxe4 28. Nxd4 Ng3+ 29. Kg1 cxd4 30. Rf3 Qc7 31. Bxd4 Nf6 32. Bxf6 exf6 33. Qd3 Rxd5 34. cxd5 Qxc1+ 35. Kh2 Bxf5 36. gxf5 Nxf5 37. Qa6 Qc7+ 38. Kh1 Re8 39. Qc6 Re1+ 40. Bf1 Qxc6 41. dxc6 Rc1 

0-1

[Event "6th Gibtelecom Masters"]
[Site "?"]
[Date "2008.01.24"]
[Round "?"]
[White "Wang, Yue"]
[Black "Shen, Yang"]
[WhiteElo "2698"]
[BlackElo "2429"]
[Result "1/2-1/2"]

1. Nf3 d5 2. c4 c6 3. e3 Nf6 4. Nc3 Nbd7 5. b4 e5 6. cxd5 cxd5 7. Qb3 e4 8. Nd4 Ne5 9. Ba3 Be7 10. b5 Be6 11. f4 exf3 12. gxf3 Rc8 13. Be2 O-O 14. h4 Nc4 15. Bxe7 Qxe7 16. Bxc4 dxc4 17. Qc2 Rfd8 18. Kf2 Nd7 19. Nce2 Nc5 20. Rag1 Qf6 21. Rg3 Kh8 22. Kg2 Nd3 23. Qc3 Rc5 24. h5 h6 25. Nxe6 fxe6 26. Qxf6 gxf6 27. Nc3 Rg8 28. f4 Rcc8 29. Ne4 f5 30. Nd6 Rc5 31. Rh3 b6 32. Rg6 Rd5 33. Nxc4 Rxg6+ 34. hxg6 Kg7 35. a4 Nb2 36. Ne5 Rxd2+ 37. Kf3 Nxa4 38. e4 Nc3 39. exf5 exf5 40. Rh5 Nxb5 41. Ke3 Rb2 42. Rxf5 Rb3+ 43. Kd2 Nd6 44. Rh5 a5 45. Rh1 a4 46. Rd1 a3 47. Kc2 Rb2+ 48. Kc1 Rb5 49. Rxd6 a2 50. Rd7+ Kf6 51. Rf7+ Ke6 52. Ra7 Rb1+ 53. Kd2 a1=Q 54. Rxa1 Rxa1 55. Ng4 h5 56. f5+ Kxf5 57. g7 Ra8 58. Nh6+ Kf4 59. g8=Q Rxg8 60. Nxg8 Kf3 61. Ke1 Kg2 62. Ne7 h4 63. Ng6 

1/2-1/2

[Event "Chinese Championship"]
[Site "?"]
[Date "2010.11.03"]
[Round "?"]
[White "Wang, Yue"]
[Black "Zhou, Jianchao"]
[WhiteElo "2749"]
[BlackElo "2650"]
[Result "1-0"]

1. Nf3 d5 2. c4 c6 3. e3 Nf6 4. Nc3 Bg4 5. Qb3 Qb6 6. Ne5 Be6 7. d4 Nbd7 8. Nxd7 Bxd7 9. cxd5 Nxd5 10. Bc4 e6 11. e4 Qxb3 12. Bxb3 Nxc3 13. bxc3 c5 14. O-O Rc8 15. Rd1 b6 16. d5 c4 17. dxe6 fxe6 18. Bc2 Bc5 19. Kf1 h6 20. Ke2 Ke7 21. a4 Rhd8 22. Be3 e5 23. f3 Bxe3 24. Kxe3 Rc5 25. h4 Be8 26. Rdb1 Ra5 27. Rb4 Rc8 28. g3 Rc6 29. Rg1 g5 30. hxg5 hxg5 31. Rh1 Bg6 32. Rh8 Rac5 33. Ra8 Rc7 34. Rb1 Bf7 35. Rd1 Kf6 36. Rh8 Kg7 37. Rdh1 Bg6 38. Rd8 R5c6 39. Rhd1 Re7 40. R1d2 Be8 41. f4 gxf4+ 42. gxf4 exf4+ 43. Kxf4 Rf6+ 44. Ke3 b5 45. Rg2+ Kf7 46. axb5 Bxb5 47. Bd1 Re5 48. Rdg8 Bc6 49. R2g7+ Ke6 50. Bf3 a5 51. Rc8 Kd6 52. Kd4 Rxf3 53. Rg6+ Re6 54. Rxe6+ Kxe6 55. Rxc6+ Kd7 56. Ra6 Rd3+ 57. Kxc4 Rd1 58. Rxa5 Ke6 59. Rh5 Re1 60. Kd4 Rd1+ 61. Kc5 Re1 62. e5 Rd1 63. c4 Rd8 64. Kb6 Rc8 65. c5 Kd5 66. Kb7 

1-0

[Event "23rd Open"]
[Site "?"]
[Date "2008.03.05"]
[Round "?"]
[White "Thomassen, J"]
[Black "Wang, Yue"]
[WhiteElo "2308"]
[BlackElo "2698"]
[Result "0-1"]

1. e4 e5 2. Nf3 Nc6 3. Bb5 a6 4. Ba4 Nf6 5. O-O Be7 6. Re1 b5 7. Bb3 d6 8. h3 O-O 9. c3 Nb8 10. d4 Nbd7 11. Nbd2 Bb7 12. Bc2 c5 13. Nf1 Re8 14. Ng3 Bf8 15. b3 Qc7 16. Bb2 Rac8 17. d5 c4 18. b4 a5 19. Ba3 Ra8 20. bxa5 Rxa5 21. Bb4 Ra7 22. Qe2 Rea8 23. a3 Nc5 24. Nh2 Bc8 25. Rf1 Na6 26. Rae1 g6 27. f4 Nxb4 28. axb4 exf4 29. Rxf4 Bg7 30. Ref1 Ne8 31. R4f3 Qb6+ 32. Kh1 Re7 33. Bb1 Ra1 34. Qd2 Qa7 35. Ne2 Nf6 36. Qf4 Nxd5 37. exd5 Rxe2 38. Qxd6 Qd7 39. Qc5 Qe8 40. d6 Bb7 41. Qc7 Bxf3 42. Nxf3 Bf6 43. d7 Qd8 44. Qc6 Rb2 45. Bd3 Rxf1+ 46. Bxf1 Rb1 47. Kg1 Rd1 

0-1

[Event "Wch G18"]
[Site "?"]
[Date "1999.11.05"]
[Round "?"]
[White "Aarthie, R"]
[Black "Wang, Yue"]
[WhiteElo "2141"]
[BlackElo "2221"]
[Result "1-0"]

1. e4 e5 2. Nf3 Nc6 3. Bb5 a6 4. Ba4 Nf6 5. O-O Be7 6. Re1 b5 7. Bb3 d6 8. c3 O-O 9. h3 Na5 10. Bc2 c5 11. d4 Qc7 12. Nbd2 cxd4 13. cxd4 Bd7 14. Nf1 Rfc8 15. Bb1 Nc6 16. Ne3 Qb6 17. d5 Nd8 18. Nh2 Nb7 19. Nhg4 Qd8 20. Bc2 Nxg4 21. hxg4 Bg5 22. Bd2 Bf4 23. Nf5 g6 24. Bxf4 exf4 25. Nd4 Qg5 26. f3 Kg7 27. Qd2 Qe5 28. Kf2 Rh8 29. Rh1 Rac8 30. Rad1 Nc5 31. b4 Na4 32. Bxa4 bxa4 33. Ne2 g5 34. Rc1 h6 35. Nd4 Qf6 36. Nc6 Rc7 37. Rc2 Rhc8 38. Rhc1 h5 39. gxh5 Rh8 40. Rh1 g4 41. Qc3 g3+ 42. Ke2 Qxc3 43. Rxc3 Rh7 44. Kd2 Kh6 45. Kd3 f6 46. Kd2 a3 47. Rhc1 Kxh5 48. Rxa3 Kg5 49. Rxa6 Rh8 50. Rg1 f5 51. exf5 Kxf5 52. Re1 Rh2 53. Re2 Kg5 54. Nd4 Rc4 55. Ne6+ Kh4 56. Ra7 Rxb4 57. Rxd7 Kh5 58. Kc3 Ra4 59. Kb3 

1-0

[Event "Wch G16"]
[Site "?"]
[Date "1998.10.27"]
[Round "?"]
[White "Moshina, Cristina"]
[Black "Wang, Yue"]
[WhiteElo "2185"]
[BlackElo "2130"]
[Result "0-1"]

1. e4 e5 2. Nf3 Nc6 3. Bb5 a6 4. Ba4 Nf6 5. O-O Be7 6. Re1 b5 7. Bb3 O-O 8. c3 d5 9. exd5 e4 10. Ng5 Bg4 11. Qc2 Ne5 12. Nxe4 Nxe4 13. Qxe4 Bd6 14. f4 Ng6 15. d4 Qd7 16. Rf1 Rae8 17. Qc2 Re2 18. Qd3 Nh4 19. g3 Rg2+ 20. Kh1 Be2 

0-1